<?xml version="1.0" encoding="UTF-8"?><?xml-stylesheet type="text/xsl" href="static/style.xsl"?><OAI-PMH xmlns="http://www.openarchives.org/OAI/2.0/" xmlns:xsi="http://www.w3.org/2001/XMLSchema-instance" xsi:schemaLocation="http://www.openarchives.org/OAI/2.0/ http://www.openarchives.org/OAI/2.0/OAI-PMH.xsd"><responseDate>2026-04-13T13:14:24Z</responseDate><request verb="GetRecord" identifier="oai:www.recercat.cat:11351/6788" metadataPrefix="marc">https://recercat.cat/oai/request</request><GetRecord><record><header><identifier>oai:recercat.cat:11351/6788</identifier><datestamp>2025-10-24T10:29:35Z</datestamp><setSpec>com_2072_378070</setSpec><setSpec>com_2072_378040</setSpec><setSpec>col_2072_378092</setSpec></header><metadata><record xmlns="http://www.loc.gov/MARC21/slim" xmlns:dcterms="http://purl.org/dc/terms/" xmlns:xsi="http://www.w3.org/2001/XMLSchema-instance" xmlns:doc="http://www.lyncode.com/xoai" xsi:schemaLocation="http://www.loc.gov/MARC21/slim http://www.loc.gov/standards/marcxml/schema/MARC21slim.xsd">
   <leader>00925njm 22002777a 4500</leader>
   <datafield ind2=" " ind1=" " tag="042">
      <subfield code="a">dc</subfield>
   </datafield>
   <datafield ind2=" " ind1=" " tag="720">
      <subfield code="a">Papatheodoridis, George V.</subfield>
      <subfield code="e">author</subfield>
   </datafield>
   <datafield ind2=" " ind1=" " tag="720">
      <subfield code="a">Dalekos, George N.</subfield>
      <subfield code="e">author</subfield>
   </datafield>
   <datafield ind2=" " ind1=" " tag="720">
      <subfield code="a">Idilman, Ramazan</subfield>
      <subfield code="e">author</subfield>
   </datafield>
   <datafield ind2=" " ind1=" " tag="720">
      <subfield code="a">Sypsa, Vana</subfield>
      <subfield code="e">author</subfield>
   </datafield>
   <datafield ind2=" " ind1=" " tag="720">
      <subfield code="a">Van Boemmel, Florian</subfield>
      <subfield code="e">author</subfield>
   </datafield>
   <datafield ind2=" " ind1=" " tag="720">
      <subfield code="a">Esteban Mur, Rafael</subfield>
      <subfield code="e">author</subfield>
   </datafield>
   <datafield ind2=" " ind1=" " tag="720">
      <subfield code="a">Buti Ferret, Maria</subfield>
      <subfield code="e">author</subfield>
   </datafield>
   <datafield ind2=" " ind1=" " tag="260">
      <subfield code="c">2022-01-13T16:44:11Z</subfield>
   </datafield>
   <datafield ind2=" " ind1=" " tag="260">
      <subfield code="c">2022-01-13T16:44:11Z</subfield>
   </datafield>
   <datafield ind2=" " ind1=" " tag="260">
      <subfield code="c">2021-06</subfield>
   </datafield>
   <datafield ind2=" " ind1=" " tag="520">
      <subfield code="a">Cirrosi; Tenofovir; Predicció</subfield>
   </datafield>
   <datafield ind2=" " ind1=" " tag="520">
      <subfield code="a">Cirrosis; Tenofovir; Predicción</subfield>
   </datafield>
   <datafield ind2=" " ind1=" " tag="520">
      <subfield code="a">Cirrhosis; Tenofovir; Prediction</subfield>
   </datafield>
   <datafield ind2=" " ind1=" " tag="520">
      <subfield code="a">Background &amp; Aims&#xd;
Recently, several risk scores for prediction of hepatocellular carcinoma (HCC) were developed in cohorts of treated Asian patients with chronic hepatitis B (CHB), but they have not been assessed in non-Asian patients. We evaluated the predictability and comparative utility of our PAGE-B and recent Asian HCC risk scores in nucleos(t)ide analogue (NA)-treated adult Caucasian patients with CHB, with or without well-documented compensated cirrhosis but not previous diagnosis of HCC.&#xd;
Methods&#xd;
We included 1,951 patients treated with entecavir/tenofovir and followed up for a median of 7.6 years. The c-statistic was used to estimate the predictability of PAGE-B, HCC-Rescue, CAMD, mPAGE-B, and AASL score for HCC development within 5 or 10 years. The low- and high-risk group cut-offs were used for estimation of negative (NPV) and positive predictive values (PPV), respectively.&#xd;
Results&#xd;
HCC developed in 103/1,951 (5.3%) patients during the first 5 years and in another 39/1,428 (2.7%) patients between years 5 and 10. The 3-, 5-, and 10-year cumulative HCC rates were 3.3%, 5.9%, and 9.6%, respectively. All scores offered good 5- and 10-year HCC prediction (c-statistic: 0.78–0.82). NPVs were always >99% (99.3–100%), whereas PPV ranged between 13% and 24%.&#xd;
Conclusions&#xd;
In NA-treated Caucasian patients with CHB including compensated cirrhosis, HCC risk scores developed in NA-treated Asian patients offer good 5- and 10-year HCC predictability, similar to that of PAGE-B. PAGE-B and mPAGE-B scores are simpler in clinical practice, as they do not require an accurate diagnosis of cirrhosis, but the addition of albumin in mPAGE-B score does not seem to offer an advantage in patients with well compensated liver disease.&#xd;
Lay summary&#xd;
Several risk scores for prediction of hepatocellular carcinoma (HCC) were recently developed in cohorts of treated Asian patients with chronic hepatitis B (CHB). In Caucasian patients with CHB treated with oral antivirals, newer Asian HCC risk scores offer good 5- and 10-year HCC predictability, similar to that of PAGE-B. For clinical practice, PAGE-B and mPAGE-B scores are simpler, as they do not require an accurate diagnosis of cirrhosis.</subfield>
   </datafield>
   <datafield ind1="8" ind2=" " tag="024">
      <subfield code="a">http://hdl.handle.net/11351/6788</subfield>
   </datafield>
   <datafield tag="653" ind2=" " ind1=" ">
      <subfield code="a">Fetge - Càncer - Prognosi</subfield>
   </datafield>
   <datafield tag="653" ind2=" " ind1=" ">
      <subfield code="a">Hepatitis B - Complicacions</subfield>
   </datafield>
   <datafield tag="653" ind2=" " ind1=" ">
      <subfield code="a">Càncer - Propensió</subfield>
   </datafield>
   <datafield tag="653" ind2=" " ind1=" ">
      <subfield code="a">DISEASES::Neoplasms::Neoplasms::Neoplasms by Site::Digestive System Neoplasms::Liver Neoplasms::Carcinoma, Hepatocellular</subfield>
   </datafield>
   <datafield tag="653" ind2=" " ind1=" ">
      <subfield code="a">Other subheadings::Other subheadings::/diagnosis</subfield>
   </datafield>
   <datafield tag="653" ind2=" " ind1=" ">
      <subfield code="a">DISEASES::Digestive System Diseases::Liver Diseases::Hepatitis::Hepatitis, Viral, Human::Hepatitis B</subfield>
   </datafield>
   <datafield tag="653" ind2=" " ind1=" ">
      <subfield code="a">Other subheadings::Other subheadings::Other subheadings::/complications</subfield>
   </datafield>
   <datafield tag="653" ind2=" " ind1=" ">
      <subfield code="a">ENFERMEDADES::neoplasias::neoplasias::neoplasias por localización::neoplasias del sistema digestivo::neoplasias hepáticas::carcinoma hepatocelular</subfield>
   </datafield>
   <datafield tag="653" ind2=" " ind1=" ">
      <subfield code="a">Otros calificadores::Otros calificadores::/diagnóstico</subfield>
   </datafield>
   <datafield tag="653" ind2=" " ind1=" ">
      <subfield code="a">ENFERMEDADES::enfermedades del sistema digestivo::enfermedades hepáticas::hepatitis::hepatitis viral humana::hepatitis B</subfield>
   </datafield>
   <datafield tag="653" ind2=" " ind1=" ">
      <subfield code="a">Otros calificadores::Otros calificadores::Otros calificadores::/complicaciones</subfield>
   </datafield>
   <datafield ind2="0" ind1="0" tag="245">
      <subfield code="a">Predictive performance of newer Asian hepatocellular carcinoma risk scores in treated Caucasians with chronic hepatitis B</subfield>
   </datafield>
</record></metadata></record></GetRecord></OAI-PMH>